000 004640000a22001810004500
003 MACL
005 20160206152054.0
008 160206b xxu||||| |||| 00| 0 eng d
040 _aMACL
_cMACL
041 _aHindi
082 _a294
100 _aसांकृत्‍यायन राहुल
_937135
245 _aविनय-पिटक
260 _aइलाहाबाद
350 _a6
650 _aReligion
_937137
942 _cHIN
_k200
_2ddc
999 _c25779
_d25779